Zákon o pojišťovnictví

Úplné znenie zákona č. 363/1999 Zb., o poisťovníctve a o zmene niektorých súvisiacich zákonov, s komentárom, v Českej republike.

Gespeichert in:
Bibliographische Detailangaben
1. Verfasser: Nesnídal, Jiří
Format: Buchkapitel
Sprache:Tschechisch
Schlagworte:
Tags: Tag hinzufügen
Keine Tags, Fügen Sie das erste Tag hinzu!

MARC

LEADER 00000naa a2200000 4500
001 r037571
005 20230920100807.7
041 0 |a cze 
044 |a CZ 
245 1 0 |a Zákon o pojišťovnictví  |c Jiří Nesnídal 
520 |a Úplné znenie zákona č. 363/1999 Zb., o poisťovníctve a o zmene niektorých súvisiacich zákonov, s komentárom, v Českej republike. 
610 2 0 |a poisťovníctvo 
610 2 0 |a zákony 
610 2 0 |a novelizácia 
610 2 0 |a Česko 
610 2 0 |a 1999 
100 1 |a Nesnídal, Jiří